Statistiken für Rapper

Klicken Sie hier um das Quiz zu spielen!

Allgemein

  • Dieses Quiz wurde 1.269 mal gespielt
    (1.251 seit der letzten Aktualisierung)
  • Das Durchschnittsergebnis liegt bei 39 aus 258

Antwortstatistiken

.Antwort% Korrekt
.Drake
67%
.Eminem
65%
.Travis Scott
57%
.Capital Bra
56%
.Gzuz
54%
.Juice WRLD
51%
.Kanye West
50%
.Lil Baby
50%
.Lil Uzi Vert
50%
.50 Cent
49%
.Bonez Mc
49%
.XXXTentacion
48%
.Luciano
46%
.Sido
46%
.2pac
44%
.Ufo361
44%
.B.I.G
43%
.Bushido
43%
.Lil Wayne
42%
.21 Savage
41%
.Future
40%
.Pop Smoke
40%
.Lil Peep
39%
.Polo G
39%
.RAF Camora
39%
.Farid Bang
38%
.Kendrick Lamar
38%
.Kollegah
38%
.Samra
37%
.Jay-Z
36%
.Maxwell
36%
.Mero
36%
.Gunna
35%
.Lil Tjay
35%
.Lil Pump
34%
.Nicki Minaj
34%
.Playboi Carti
34%
.Cardi B
33%
.DaBaby
32%
.Dr.Dre
32%
.Apache 207
30%
.Haftbefehl
30%
.LX
30%
.Young Thug
30%
.Central Cee
29%
.Offset
29%
.Summer Cem
29%
.Lil Durk
28%
.Post Malone
28%
.Shirin David
28%
.Ice Cube
27%
.Migos
27%
.Nimo
27%
.Pashanim
27%
.Shindy
27%
.J.Cole
26%
.Lil Tecca
26%
.Lil Yachty
26%
.Quavo
26%
.Cro
25%
.KC Rebell
25%
.NLE Choppa
25%
.6ix9ine
24%
.Kontra K
24%
.RIN
24%
.Takeoff
24%
.Trippie Redd
24%
.A$AP Rocky
23%
.Azet
23%
.Bausa
23%
.Lil Nas X
23%
.Loredana
23%
.Nas
23%
.Blueface
21%
.Don Toliver
21%
.Juju
21%
.reezy
21%
.AK Ausserkontrolle
20%
.Dardan
20%
.Sa4
20%
.Zuna
20%
.Kodak Black
19%
.Roddy Ricch
19%
.Xatar
19%
.Chief Keef
18%
.Fler
18%
.Sero
18%
.SSIO
18%
.Wiz Khalifa
18%
.Eno
17%
.Tyga
17%
.Tyler the Creator
17%
.Badmomzjay
16%
.Dave
16%
.Eazy-E
16%
.Kid Cudi
16%
.Lil Mosey
16%
.Money Boy
16%
.Jack Harlow
15%
.Yung Hurn
15%
.Baby Keem
14%
.Capo
14%
.Jamule
14%
.Lil Lano
14%
.Lucio101
14%
.Ski Mask The Slump God
14%
.A$AP Ferg
13%
.King Von
13%
.Olexesh
13%
.Eko Fresh
12%
.Gucci Mane
12%
.Mac Miller
12%
.Veysel
12%
.YoungBoy Never Broke Again
12%
.2 Chainz
11%
Doja Cat
11%
.Fero47
11%
.Lil Loaded
11%
.SL
11%
.Aitch
10%
.DMX
10%
.Kalim
10%
.Meek Mill
10%
.O.G
10%
.Symba
10%
.A Boogie Wit da Hoodie
9%
.Rich The Kid
9%
.Rick Ross
9%
.Russ
9%
.Sero el Mero
9%
.Sun Diego
9%
.The Game
9%
.Tory Lanez
9%
.Azad
8%
.Casper
8%
.G-Eazy
8%
.GRiNGO
8%
.Pa Sports
8%
.Sheck Wes
8%
.Stormzy
8%
.18 Karat
7%
.Data Luv
7%
.Denzel Curry
7%
.Elias
7%
.French Montana
7%
.Hava
7%
.Manuellsen
7%
.Nate Dogg
7%
.Skepta
7%
.Snopp Dogg
7%
.SpongeBOZZ
7%
.Trettmann
7%
.lil Dicky
6%
.Machine Gun Kelly
6%
.Majoe
6%
.Moneybagg Yo
6%
.Mozzik
6%
.Nelly
6%
.N.W.A
6%
.Soulja Boy
6%
.T-Pain
6%
.42 Dugg
5%
.6LACK
5%
.Ali Bumaye
5%
.Celo und Abdi
5%
.Childish Gambino
5%
.Fard
5%
.Fivio Foreign
5%
.Hanybal
5%
.Ice-T
5%
.KSI
5%
.Kurdo
5%
.Lil Keed
5%
.Lil Shrimp
5%
.Ludacris
5%
.Massiv
5%
.Mert
5%
.Mobb deep
5%
.Mustard
5%
.Schwesta Ewa
5%
.Usher
5%
.Wu-Tang Clan
5%
.Busta Rhymes
4%
.DDG
4%
.Frauenarzt
4%
.Kasimir1441
4%
.Russ Millions
4%
.Sinan-G
4%
.SoFaygo
4%
.Will Smith
4%
.YG
4%
.AJ Tracy
3%
.Bobby Shmurda
3%
.CJ
3%
.Internet Money
3%
.Jay Rock
3%
.Key Glock
3%
.King Khali
3%
.Kitschkrieg
3%
.Lil Reese
3%
.MC Ren
3%
.Montez
3%
.OMAR
3%
.Rakim
3%
.Rod Wave
3%
.Schoolboy Q
3%
.Soufian
3%
.Trippie Boi
3%
.Xzibit
3%
.Alpa Gun
2%
.Anonym
2%
.IShowSpeed
2%
.Jigzaw
2%
.Musso
2%
.Nipsey Hussle
2%
.Warren G
2%
.A92
1%
.Afrob
1%
.Bankrol Hayden
1%
.Brudi030
1%
.Chamillionaire
1%
.Cypress Hill
1%
.DUSTY LOCANE
1%
.Fumez The Engineer
1%
Ghostface Killah
1%
.Haze
1%
.Jamie Foxx
1%
.Kelvyn Colt
1%
.Knucks
1%
.megaloh
1%
.Nate57
1%
.Ol’ Dirty Bastard
1%
.Ra is
1%
.Ugly God
1%
.704chop
0%
.88GLAM
0%
.Big Boi
0%
.Dizzee Rascal
0%
.Fredo Bang
0%
.Frosty
0%
.Killy
0%
.Kriss Kross
0%
.Lil 2z
0%
.M24
0%
.Makaveli
0%
.Montell Jordan
0%
.Nito NB
0%
.Octavian
0%
.Santana
0%
.SpotemGottem
0%
.StaySolidRocky
0%
.Taktloss
0%
.Tankz
0%
.Valee
0%
.Willey
0%
.YK Osiris
0%
.YN Jay
0%
.Yung Fazo
0%

Verteilung der Resultate

Perzentil nach korrekt beantworteten Fragen

Anzahl Personen mit jedem Resultat

Ihre Resultats-Entwicklung

Sie haben dieses Quiz seit der letzten Aktualisierung nicht gespielt